000 00568nam a2200229Ia 4500
003 OSt
005 20221005131257.0
006 a|||||r|||| 00| 0
007 ta
008 221004b |||||||| |||| 00| 0 san d
024 _a49296
037 _cTextual
040 _aCRL
_cCRL
_bsan
041 _2san
_asan
082 _aQ2315:2x, 15J4
100 _aMalika Kalyani
_9639370
245 0 _aSiddha siddhanta paddhati
260 _c1954
650 _aRELIGION
942 _hQ2315:2x, 15J4
_cTEXL
_2cc
999 _c1059840
_d1059840